| 000 | 00766nam a2200145Ia 4500 | ||
|---|---|---|---|
| 008 | 171212s9999 xx 000 0 und d | ||
| 020 | _a9780874216585 | ||
| 100 | _aGodfrey, Matthew | ||
| 245 |
_cGodfrey, Matthew _aReligion, Politics, and Sugar _bThe LDS Church, the Federal Government, and the Utah-Idaho Sugar Company, 1907-1927 |
||
| 260 |
_bUniversity Press of Colorado _c2007 |
||
| 440 | _aLife Writings of Frontier Women | ||
| 650 | _aHistory | ||
| 650 | _aUtah-Idaho Sugar Company; Church of Jesus Christ of Latter-Day Saints -- Finance; Church of Jesus Christ of Latter-Day Saints -- Political activity; Beet sugar industry -- United States -- History; Sugar trade -- Government policy -- United States | ||
| 856 | _uwww.jstor.org/stable/10.2307/j.ctt4cgp45 | ||
| 999 |
_c353163 _d353163 |
||